000 00753 a2200193 4500
003 NUST
005 20251217152808.0
040 _cNust
082 _a621.382,AMI
100 _aRana, Summair Amin (TCC-22)
_9132398
245 _aWireless Source Direction Finder/
_cSumair Amin Rana, Umer Tariq, Hasain Shafiq and Abdus Salam Wanis TCC-22
260 _aRawalpindi
_bMCS (NUST)
_cJune-2014
300 _aix,57 p.;
505 _aIntroduction (Page-1), Literature Review (Page-4), System Design and Modules (Page-21), Software Development (Page-25), Future Development (Page-51), Future Work and Conclusion (Page-53).
650 _aUG Project
_9131132
651 _a TCC-22
_9131223
700 _aSupervised by Zeeshan Zahid.
_9132399
942 _cPR
_2ddc
999 _c212165
_d212165